I Have the Streets : A Kutti Cricket Story (Record no. 41498)
[ view plain ]
| 000 -LEADER | |
|---|---|
| fixed length control field | 00393nam a2200145Ia 4500 |
| 008 - FIXED-LENGTH DATA ELEMENTS--GENERAL INFORMATION | |
| fixed length control field | 240719s9999 xx 000 0 und d |
| 020 ## - INTERNATIONAL STANDARD BOOK NUMBER | |
| International Standard Book Number | 9780670094745 |
| 041 ## - LANGUAGE CODE | |
| Language code of text/sound track or separate title | eng |
| 082 ## - DEWEY DECIMAL CLASSIFICATION NUMBER | |
| Classification number | 813 ASH |
| 100 ## - MAIN ENTRY--PERSONAL NAME | |
| Personal name | Ashwin R. |
| 245 ## - TITLE STATEMENT | |
| Title | I Have the Streets : A Kutti Cricket Story |
| 260 ## - PUBLICATION, DISTRIBUTION, ETC. | |
| Place of publication, distribution, etc. | Haryana |
| Name of publisher, distributor, etc. | Penguin |
| Date of publication, distribution, etc. | 2024 |
| 300 ## - PHYSICAL DESCRIPTION | |
| Extent | 173;. P. 23 Cm |
| 520 ## - SUMMARY, ETC. | |
| Summary, etc. | Faculty Purchase By Dr. Jitendra Sharma |
| Withdrawn status | Lost status | Damaged status | Not for loan | Home library | Current library | Shelving location | Date acquired | Source of acquisition | Cost, normal purchase price | Total Checkouts | Total Renewals | Full call number | Barcode | Date last seen | Date last checked out | Price effective from | Koha item type |
|---|---|---|---|---|---|---|---|---|---|---|---|---|---|---|---|---|---|
| IMTN | IMTN | Rack 38-A | 07/16/2024 | Amazon | 387.00 | 4 | 1 | 813 ASH | 33547 | 12/29/2025 | 10/16/2025 | 06/28/2024 | Books |